Pensamos y aprendemos: texto de lenguaje y comunicación. Desarrollo del lenguaje, del pensamiento y formación de actitudes segundo año básico y reeducación

Gorde:
Xehetasun bibliografikoak
Egile Nagusiak: Ríoseco Izquierdo, Rosita (Egilea), Ziliani Cárcamo, Mónica (Egilea)
Formatua: Liburua
Hizkuntza:gaztelania
Argitaratua: Santiago Andrés Bello 2001
Gaiak:
Etiketak: Etiketa erantsi
Etiketarik gabe, Izan zaitez lehena erregistro honi etiketa jartzen!

MARC

LEADER 00000nam a2200000 a 4500
001 UCH6413
003 CL-VaPUC
008 091109e20010000CL |||||||||||||||||spa|d
082 0 4 |a 372.6  |b RIO  |2 21 
100 0 |a Ríoseco Izquierdo, Rosita  |e author  |9 542911 
700 0 |a Ziliani Cárcamo, Mónica  |e author  |9 542912 
245 1 0 |a Pensamos y aprendemos: texto de lenguaje y comunicación. Desarrollo del lenguaje, del pensamiento y formación de actitudes segundo año básico y reeducación 
300 |a 152 p 
942 |c BK 
945 |d 20091109 00:00:00  |a lazolas 
260 |a Santiago  |b Andrés Bello  |c 2001 
650 0 |a Educación lingüística  |9 306506 
650 0 |a Libros de texto  |9 270019 
650 0 |a Enseñanza del lenguaje  |9 373325 
650 0 |a Educación básica   |9 224933 
650 0 |a Métodos de enseñanza  |9 270413 
583 |a last modification  |c 20091109 00:00:00  |k Rodrigo Vera 
999 |c 337306  |d 337304